[Event "MMM"]
[Site "Galaxy Gesia 22a - Krakow"]
[Date "2022.06.17"]
[Round "4.21"]
[White "Ten Have, Roland"]
[Black "Borkowski, Adam"]
[Result "1-0"]
[BlackElo "1707"]
[WhiteElo "1957"]
[LiveChessVersion "1.4.8"]

1. e4 {[%clk 1:30:53]} c5 {[%clk 1:30:32]} 2. Nc3 {[%clk 1:31:18]} Nc6
{[%clk 1:29:13]} 3. g3 {[%clk 1:31:40]} g6 {[%clk 1:27:12]} 4. Bg2
{[%clk 1:32:04]} Bg7 {[%clk 1:26:56]} 5. d3 {[%clk 1:32:26]} d6 {[%clk 1:18:16]}
6. Be3 {[%clk 1:32:12]} Nf6 {[%clk 1:17:02]} 7. h3 {[%clk 1:32:35]} O-O
{[%clk 1:09:38]} 8. Qd2 {[%clk 1:32:25]} Re8 {[%clk 1:09:45]} 9. Nge2
{[%clk 1:32:41]} Rb8 {[%clk 1:09:08]} 10. f4 {[%clk 1:31:44]} e6 {[%clk 1:07:35]}
11. O-O {[%clk 1:31:53]} a6 {[%clk 0:51:13]} 12. Rae1 {[%clk 1:31:35]} Qc7
{[%clk 0:46:40]} 13. g4 {[%clk 1:29:08]} b5 {[%clk 0:45:01]} 14. f5
{[%clk 1:26:37]} exf5 {[%clk 0:45:09]} 15. exf5 {[%clk 1:25:54]} Nb4
{[%clk 0:34:16]} 16. Bg5 {[%clk 1:18:41]} gxf5 {[%clk 0:28:22]} 17. a3
{[%clk 1:17:37]} Nc6 {[%clk 0:27:56]} 18. Bxf6 {[%clk 1:16:40]} Bxf6
{[%clk 0:28:08]} 19. Nd5 {[%clk 1:16:53]} Qd8 {[%clk 0:27:20]} 20. Nxf6+
{[%clk 1:16:35]} Qxf6 {[%clk 0:27:34]} 21. Bxc6 {[%clk 1:16:58]} Re5
{[%clk 0:27:12]} 22. g5 {[%clk 1:13:31]} Qe7 {[%clk 0:27:10]} 23. Nf4
{[%clk 1:06:21]} Be6 {[%clk 0:26:17]} 24. h4 {[%clk 0:55:39]} Qc7
{[%clk 0:26:35]} 25. Bg2 {[%clk 0:55:05]} Re8 {[%clk 0:26:59]} 26. Nh5
{[%clk 0:52:09]} Re7 {[%clk 0:27:05]} 27. Nf6+ {[%clk 0:50:46]} Kg7
{[%clk 0:27:26]} 28. Rxe5 {[%clk 0:50:16]} dxe5 {[%clk 0:27:49]} 29. Qe2
{[%clk 0:50:13]} 1-0

[Event "MMM"]
[Site "Galaxy Gesia 22a - Krakow"]
[Date "2022.06.17"]
[Round "4.22"]
[White "Mackowiak, Szymon"]
[Black "Kuciel, Wladyslaw"]
[Result "0-1"]
[BlackElo "1930"]
[WhiteElo "1665"]
[LiveChessVersion "1.4.8"]

1. d4 {[%clk 1:30:52]} Nf6 {[%clk 1:30:17]} 2. c4 {[%clk 1:31:21]} e6
{[%clk 1:30:37]} 3. Nc3 {[%clk 1:31:49]} Bb4 {[%clk 1:30:47]} 4. f3
{[%clk 1:32:18]} d5 {[%clk 1:29:17]} 5. a3 {[%clk 1:32:44]} Bxc3+
{[%clk 1:28:40]} 6. bxc3 {[%clk 1:33:11]} O-O {[%clk 1:27:40]} 7. e3
{[%clk 1:32:52]} c5 {[%clk 1:24:55]} 8. cxd5 {[%clk 1:33:03]} exd5
{[%clk 1:25:12]} 9. Bd3 {[%clk 1:33:28]} Nc6 {[%clk 1:21:11]} 10. Ne2
{[%clk 1:33:43]} Re8 {[%clk 1:18:39]} 11. O-O {[%clk 1:34:10]} b6
{[%clk 1:13:58]} 12. Rb1 {[%clk 1:33:18]} cxd4 {[%clk 1:07:34]} 13. cxd4
{[%clk 1:33:31]} Bb7 {[%clk 1:07:20]} 14. g4 {[%clk 1:32:39]} Rc8
{[%clk 1:01:44]} 15. Bd2 {[%clk 1:29:52]} Qe7 {[%clk 1:00:51]} 16. Rb3
{[%clk 1:25:30]} g6 {[%clk 0:57:02]} 17. Rf2 {[%clk 1:19:35]} Rc7
{[%clk 0:53:40]} 18. h4 {[%clk 1:12:06]} Na5 {[%clk 0:43:29]} 19. Bb4
{[%clk 1:08:39]} Qe6 {[%clk 0:42:24]} 20. Bxa5 {[%clk 1:02:45]} bxa5
{[%clk 0:42:35]} 21. Bb5 {[%clk 1:02:06]} Rec8 {[%clk 0:41:58]} 22. Qd2
{[%clk 0:59:59]} a4 {[%clk 0:28:45]} 23. Bxa4 {[%clk 0:42:15]} Ba6
{[%clk 0:25:42]} 24. Nf4 {[%clk 0:40:37]} Rc1+ {[%clk 0:23:35]} 25. Kg2
{[%clk 0:40:31]} Qd6 {[%clk 0:20:02]} 26. Nd3 {[%clk 0:36:20]} R1c2
{[%clk 0:17:54]} 27. Qb4 {[%clk 0:34:09]} Qc7 {[%clk 0:14:35]} 28. Bb5
{[%clk 0:27:47]} Rb8 {[%clk 0:14:36]} 29. a4 {[%clk 0:27:58]} Bc8
{[%clk 0:14:51]} 30. Rxc2 {[%clk 0:22:17]} Qxc2+ {[%clk 0:15:15]} 31. Nf2
{[%clk 0:22:45]} Bxg4 {[%clk 0:10:18]} 32. Qc3 {[%clk 0:14:28]} Bxf3+
{[%clk 0:06:05]} 33. Kxf3 {[%clk 0:14:46]} Qf5+ {[%clk 0:06:33]} 34. Ke2
{[%clk 0:14:56]} Rc8 {[%clk 0:06:42]} 35. Bc6 {[%clk 0:11:02]} Qe6
{[%clk 0:07:11]} 36. Bxd5 {[%clk 0:10:08]} Nxd5 {[%clk 0:07:37]} 37. Qb2
{[%clk 0:10:16]} Qa6+ {[%clk 0:07:10]} 38. Rd3 {[%clk 0:07:58]} Qxa4
{[%clk 0:06:00]} 39. Qb3 {[%clk 0:07:51]} Rc2+ {[%clk 0:05:40]} 40. Kf3
{[%clk 0:07:59]} Qc6 {[%clk 0:05:46]} 41. Qb8+ {[%clk 0:08:01]} Kg7
{[%clk 0:06:12]} 42. Qe5+ {[%clk 0:08:10]} Nf6+ {[%clk 0:04:24]} 43. d5
{[%clk 0:08:03]} Qa6 {[%clk 0:03:39]} 44. Qd4 {[%clk 0:06:38]} Kg8
{[%clk 0:03:41]} 45. Ne4 {[%clk 0:06:25]} Nd7 {[%clk 0:03:04]} 46. d6
{[%clk 0:05:22]} Qxd3 {[%clk 0:03:52]} 47. Nf6+ {[%clk 0:05:30]} Kh8
{[%clk 0:03:50]} 48. Nxd7+ {[%clk 0:04:40]} Qxd4 {[%clk 0:04:08]} 49. exd4
{[%clk 0:05:08]} Kg7 {[%clk 0:03:35]} 50. Ke4 {[%clk 0:04:45]} a5
{[%clk 0:03:42]} 51. Kd5 {[%clk 0:04:10]} Rc8 {[%clk 0:02:32]} 52. Nb6
{[%clk 0:04:21]} Rf8 {[%clk 0:01:34]} 53. d7 {[%clk 0:04:02]} f5 {[%clk 0:01:48]}
54. Nc8 {[%clk 0:02:23]} a4 {[%clk 0:01:26]} 55. Nd6 {[%clk 0:02:17]} Kf6
{[%clk 0:01:34]} 56. Kc6 {[%clk 0:02:20]} Rd8 {[%clk 0:01:06]} 57. d5
{[%clk 0:02:46]} a3 {[%clk 0:01:14]} 58. Ne8+ {[%clk 0:02:10]} Ke5
{[%clk 0:01:13]} 59. Nd6 {[%clk 0:01:42]} Rxd7 {[%clk 0:01:06]} 60. Nc4+
{[%clk 0:02:01]} Kd4 {[%clk 0:01:27]} 61. Nxa3 {[%clk 0:02:09]} Rxd5
{[%clk 0:01:35]} 0-1

[Event "MMM"]
[Site "Galaxy Gesia 22a - Krakow"]
[Date "2022.06.17"]
[Round "4.23"]
[White "Pietrzak, Tomasz"]
[Black "Witczak, Borys"]
[Result "0-1"]
[BlackElo "1667"]
[WhiteElo "1879"]
[LiveChessVersion "1.4.8"]

1. Nf3 {[%clk 1:30:53]} Nf6 {[%clk 1:29:43]} 2. b3 {[%clk 1:30:42]} e6
{[%clk 1:26:17]} 3. Bb2 {[%clk 1:31:04]} d5 {[%clk 1:26:08]} 4. g3
{[%clk 1:31:15]} b6 {[%clk 1:25:43]} 5. Bg2 {[%clk 1:31:38]} Bb7 {[%clk 1:26:05]}
6. O-O {[%clk 1:31:45]} Bd6 {[%clk 1:25:39]} 7. c4 {[%clk 1:30:19]} Nbd7
{[%clk 1:19:19]} 8. Nc3 {[%clk 1:26:37]} O-O {[%clk 1:16:58]} 9. d4
{[%clk 1:25:19]} c5 {[%clk 1:10:03]} 10. cxd5 {[%clk 1:24:42]} Nxd5
{[%clk 1:10:15]} 11. Re1 {[%clk 1:16:02]} Nxc3 {[%clk 1:07:21]} 12. Bxc3
{[%clk 1:16:26]} Nf6 {[%clk 1:07:21]} 13. dxc5 {[%clk 1:11:36]} Bxc5
{[%clk 1:07:39]} 14. Qxd8 {[%clk 1:11:51]} Rfxd8 {[%clk 1:07:52]} 15. Bxf6
{[%clk 1:11:55]} gxf6 {[%clk 1:08:18]} 16. Red1 {[%clk 1:12:08]} Kf8
{[%clk 1:07:44]} 17. Ne1 {[%clk 1:11:25]} Bxg2 {[%clk 1:08:01]} 18. Kxg2
{[%clk 1:11:42]} Ke7 {[%clk 1:06:01]} 19. Kf3 {[%clk 1:11:22]} Rac8
{[%clk 1:04:33]} 20. Rxd8 {[%clk 1:08:53]} Rxd8 {[%clk 1:03:57]} 21. Nd3
{[%clk 1:09:14]} Bd6 {[%clk 0:57:16]} 22. Rc1 {[%clk 1:08:50]} Kd7
{[%clk 0:57:11]} 23. Rc4 {[%clk 1:08:33]} e5 {[%clk 0:54:46]} 24. Rh4
{[%clk 1:07:55]} Rh8 {[%clk 0:52:07]} 25. Ke4 {[%clk 1:02:19]} Ke6
{[%clk 0:51:22]} 26. g4 {[%clk 1:02:37]} Rg8 {[%clk 0:50:01]} 27. h3
{[%clk 1:01:55]} Rg7 {[%clk 0:47:01]} 28. Rh5 {[%clk 1:01:19]} Bc7
{[%clk 0:35:46]} 29. Nb4 {[%clk 0:55:34]} Rg5 {[%clk 0:34:18]} 30. Rh6
{[%clk 0:49:47]} a5 {[%clk 0:31:52]} 31. Nd5 {[%clk 0:50:06]} Bd8
{[%clk 0:32:15]} 32. a4 {[%clk 0:48:35]} Rg7 {[%clk 0:31:14]} 33. f3
{[%clk 0:43:12]} Be7 {[%clk 0:30:00]} 34. h4 {[%clk 0:42:02]} Rg8
{[%clk 0:29:09]} 35. Rxh7 {[%clk 0:39:30]} Rc8 {[%clk 0:25:55]} 36. Rh6
{[%clk 0:36:24]} Rc5 {[%clk 0:26:10]} 37. Nxe7 {[%clk 0:18:32]} Kxe7
{[%clk 0:26:21]} 38. g5 {[%clk 0:07:31]} fxg5 {[%clk 0:23:30]} 39. hxg5
{[%clk 0:07:56]} b5 {[%clk 0:23:54]} 40. axb5 {[%clk 0:05:54]} Rxb5
{[%clk 0:24:13]} 41. Ra6 {[%clk 0:06:20]} Kf8 {[%clk 0:24:13]} 42. Rd6
{[%clk 0:03:39]} Rxb3 {[%clk 0:24:07]} 43. Rd5 {[%clk 0:03:55]} a4
{[%clk 0:18:19]} 44. Rxe5 {[%clk 0:04:17]} a3 {[%clk 0:18:12]} 45. Ra5
{[%clk 0:04:38]} Rb2 {[%clk 0:17:40]} 46. e3 {[%clk 0:01:48]} a2 {[%clk 0:18:06]}
47. f4 {[%clk 0:02:03]} Kg7 {[%clk 0:18:05]} 48. Kf5 {[%clk 0:02:11]} Rb5+
{[%clk 0:18:16]} 49. Rxb5 {[%clk 0:02:25]} a1=Q {[%clk 0:18:41]} 50. Re5
{[%clk 0:02:38]} Qb1+ {[%clk 0:18:46]} 51. Kg4 {[%clk 0:02:39]} Qd1+
{[%clk 0:18:44]} 52. Kf5 {[%clk 0:02:38]} Qf3 {[%clk 0:18:55]} 53. Re4
{[%clk 0:02:09]} Qh3+ {[%clk 0:19:19]} 54. Ke5 {[%clk 0:02:34]} Kg6
{[%clk 0:17:56]} 55. Kd4 {[%clk 0:02:26]} Qd7+ {[%clk 0:18:13]} 56. Kc4
{[%clk 0:02:28]} Qc6+ {[%clk 0:18:24]} 57. Kd4 {[%clk 0:02:52]} Qd6+
{[%clk 0:18:50]} 58. Kc4 {[%clk 0:02:42]} Kf5 {[%clk 0:18:33]} 59. Re5+
{[%clk 0:03:07]} Kg4 {[%clk 0:18:53]} 60. Kc3 {[%clk 0:00:39]} Kf3
{[%clk 0:18:55]} 61. Kc4 {[%clk 0:00:45]} Ke2 {[%clk 0:17:05]} 62. Kc3
{[%clk 0:01:00]} Qd3+ {[%clk 0:16:46]} 63. Kb4 {[%clk 0:01:25]} Qc2
{[%clk 0:14:23]} 64. Kb5 {[%clk 0:01:09]} Qc7 {[%clk 0:14:28]} 65. Ka6
{[%clk 0:00:40]} Qb8 {[%clk 0:13:25]} 66. Ka5 {[%clk 0:00:49]} Kd3
{[%clk 0:12:52]} 67. Ka6 {[%clk 0:00:35]} Kc4 {[%clk 0:12:34]} 68. Re4+
{[%clk 0:00:36]} Kc5 {[%clk 0:12:34]} 69. Re5+ {[%clk 0:00:55]} Kc6
{[%clk 0:12:44]} 70. Ka5 {[%clk 0:01:23]} Qb3 {[%clk 0:12:56]} 71. Re4
{[%clk 0:00:36]} Qa3+ {[%clk 0:13:14]} 0-1

[Event "MMM"]
[Site "Galaxy Gesia 22a - Krakow"]
[Date "2022.06.17"]
[Round "4.24"]
[White "Galant, Ireneusz"]
[Black "Kania, Franciszek"]
[Result "1/2-1/2"]
[BlackElo "1615"]
[WhiteElo "1822"]
[LiveChessVersion "1.4.8"]

1. d4 Nf6 2. Nc3 g6 3. Bf4 Bg7 4. e3 O-O 5. h4 h5 6. Qd2 {[%clk 1:19:28]} d5
{[%clk 1:29:53]} 7. Nf3 {[%clk 1:18:22]} a6 {[%clk 1:26:44]} 8. Bd3
{[%clk 1:09:33]} b6 {[%clk 1:23:37]} 9. e4 {[%clk 1:06:22]} Bb7 {[%clk 1:19:23]}
10. e5 {[%clk 0:56:14]} Ne4 {[%clk 1:19:02]} 11. Bxe4 {[%clk 0:56:23]} dxe4
{[%clk 1:19:26]} 12. Ng5 {[%clk 0:56:39]} b5 {[%clk 1:08:33]} 13. a3
{[%clk 0:53:40]} Nc6 {[%clk 1:05:23]} 14. Rd1 {[%clk 0:49:20]} Qc8
{[%clk 0:57:40]} 15. Ngxe4 {[%clk 0:47:56]} Rd8 {[%clk 0:55:48]} 16. Qe3
{[%clk 0:47:42]} f6 {[%clk 0:52:44]} 17. exf6 {[%clk 0:33:19]} exf6
{[%clk 0:52:44]} 18. O-O {[%clk 0:25:35]} f5 {[%clk 0:42:08]} 19. Ng5
{[%clk 0:16:45]} Nxd4 {[%clk 0:36:14]} 20. Ne2 {[%clk 0:16:35]} Re8
{[%clk 0:35:30]} 21. Qxe8+ {[%clk 0:14:13]} Qxe8 {[%clk 0:35:37]} 22. Nxd4
{[%clk 0:14:23]} Bxd4 {[%clk 0:33:50]} 23. Rxd4 {[%clk 0:14:45]} Rd8
{[%clk 0:33:14]} 24. Rfd1 {[%clk 0:12:17]} Rxd4 {[%clk 0:33:12]} 25. Rxd4
{[%clk 0:12:46]} Qe7 {[%clk 0:27:08]} 26. Rd2 {[%clk 0:09:29]} a5
{[%clk 0:24:38]} 27. Kh2 {[%clk 0:09:39]} Be4 {[%clk 0:23:43]} 28. f3
{[%clk 0:09:44]} Bb7 {[%clk 0:23:58]} 29. c3 {[%clk 0:09:36]} Bc6
{[%clk 0:23:41]} 30. Rd4 {[%clk 0:09:02]} Kg7 {[%clk 0:22:14]} 31. Rd2
{[%clk 0:06:39]} Qe1 {[%clk 0:21:44]} 32. Kh3 {[%clk 0:06:41]} Kf6
{[%clk 0:18:07]} 33. Rd3 {[%clk 0:04:42]} Qh1+ {[%clk 0:15:41]} 34. Kg3
{[%clk 0:04:52]} Qe1+ {[%clk 0:15:36]} 35. Kh3 {[%clk 0:05:16]} Qh1+
{[%clk 0:15:03]} 36. Kg3 {[%clk 0:05:38]} 1/2-1/2

[Event "MMM"]
[Site "Galaxy Gesia 22a - Krakow"]
[Date "2022.06.17"]
[Round "4.25"]
[White "Sprzeczka, Emilia"]
[Black "Smetek, Michal"]
[Result "1/2-1/2"]
[BlackElo "1805"]
[WhiteElo "1635"]
[LiveChessVersion "1.4.8"]

1. e4 {[%clk 1:30:57]} e6 {[%clk 1:30:54]} 2. d4 {[%clk 1:31:20]} d5
{[%clk 1:31:21]} 3. exd5 {[%clk 1:31:35]} exd5 {[%clk 1:31:44]} 4. Nf3
{[%clk 1:31:52]} Nf6 {[%clk 1:31:55]} 5. Bd3 {[%clk 1:32:02]} Bd6
{[%clk 1:32:11]} 6. O-O {[%clk 1:32:10]} O-O {[%clk 1:32:36]} 7. h3
{[%clk 1:31:41]} h6 {[%clk 1:27:25]} 8. Nc3 {[%clk 1:30:15]} c6 {[%clk 1:20:35]}
9. Re1 {[%clk 1:24:55]} Re8 {[%clk 1:09:06]} 10. Bd2 {[%clk 1:12:57]} Nbd7
{[%clk 0:53:05]} 11. Rxe8+ {[%clk 1:10:07]} Qxe8 {[%clk 0:49:31]} 12. Qe1
{[%clk 1:09:09]} Qf8 {[%clk 0:43:10]} 13. Ne2 {[%clk 0:53:23]} Ne4
{[%clk 0:41:11]} 14. Bf4 {[%clk 0:52:08]} c5 {[%clk 0:26:07]} 15. c3
{[%clk 0:47:41]} b6 {[%clk 0:20:48]} 16. Bxd6 {[%clk 0:43:59]} Qxd6
{[%clk 0:18:49]} 17. Ng3 {[%clk 0:30:25]} Nxg3 {[%clk 0:16:51]} 18. fxg3
{[%clk 0:30:45]} Bb7 {[%clk 0:15:58]} 19. Kh2 {[%clk 0:26:54]} Nf6
{[%clk 0:15:03]} 20. Ne5 {[%clk 0:24:00]} Ne4 {[%clk 0:14:26]} 21. Qe3
{[%clk 0:21:37]} f6 {[%clk 0:13:48]} 22. Ng6 {[%clk 0:19:49]} Re8
{[%clk 0:11:44]} 23. Re1 {[%clk 0:18:27]} Bc6 {[%clk 0:09:38]} 24. Qf3
{[%clk 0:16:54]} Ng5 {[%clk 0:04:34]} 1/2-1/2

[Event "MMM"]
[Site "Galaxy Gesia 22a - Krakow"]
[Date "2022.06.17"]
[Round "4.26"]
[White "Skrzypczynski, Kacper"]
[Black "Slusarczyk, Anna"]
[Result "1-0"]
[BlackElo "1604"]
[WhiteElo "1731"]
[LiveChessVersion "1.4.8"]

1. d4 {[%clk 1:30:57]} Nf6 {[%clk 1:30:55]} 2. Nf3 {[%clk 1:30:18]} e6
{[%clk 1:31:18]} 3. Bg5 {[%clk 1:30:20]} d5 {[%clk 1:28:59]} 4. e3
{[%clk 1:30:28]} Be7 {[%clk 1:29:11]} 5. Nbd2 {[%clk 1:29:48]} Nbd7
{[%clk 1:27:45]} 6. Bd3 {[%clk 1:29:19]} b6 {[%clk 1:27:55]} 7. O-O
{[%clk 1:29:42]} O-O {[%clk 1:27:44]} 8. c3 {[%clk 1:29:23]} Bb7 {[%clk 1:28:09]}
9. Rc1 {[%clk 1:29:37]} Ne4 {[%clk 1:26:31]} 10. Bxe7 {[%clk 1:29:52]} Qxe7
{[%clk 1:26:56]} 11. Qc2 {[%clk 1:29:12]} f5 {[%clk 1:24:42]} 12. c4
{[%clk 1:28:46]} Rac8 {[%clk 1:18:14]} 13. cxd5 {[%clk 1:28:50]} exd5
{[%clk 1:18:35]} 14. Qa4 {[%clk 1:27:35]} Nd6 {[%clk 1:16:28]} 15. Qa3
{[%clk 1:25:38]} g5 {[%clk 1:15:46]} 16. Ba6 {[%clk 1:17:31]} Bxa6
{[%clk 1:08:21]} 17. Qxa6 {[%clk 1:17:53]} c6 {[%clk 1:08:26]} 18. Qa3
{[%clk 1:14:38]} Rc7 {[%clk 1:02:26]} 19. Nxg5 {[%clk 1:10:55]} h6
{[%clk 0:55:24]} 20. Nh3 {[%clk 1:11:18]} Nf6 {[%clk 0:54:43]} 21. Nf4
{[%clk 1:11:33]} Kh7 {[%clk 0:54:55]} 22. Nf3 {[%clk 1:10:48]} Rg8
{[%clk 0:47:40]} 23. Ne5 {[%clk 1:09:44]} c5 {[%clk 0:33:29]} 24. Qd3
{[%clk 1:04:59]} Nde4 {[%clk 0:20:24]} 25. Nf3 {[%clk 0:58:05]} Qg7
{[%clk 0:14:12]} 26. dxc5 {[%clk 0:53:29]} Nh5 {[%clk 0:10:58]} 27. g3
{[%clk 0:53:28]} Qg4 {[%clk 0:04:49]} 28. Kg2 {[%clk 0:33:28]} Nxf4+
{[%clk 0:00:59]} 29. exf4 {[%clk 0:33:47]} Rcg7 {[%clk 0:01:07]} 30. Qxd5
{[%clk 0:28:09]} Qxf4 {[%clk 0:01:26]} 31. Qe5 {[%clk 0:26:54]} Qxe5
{[%clk 0:01:24]} 32. Nxe5 {[%clk 0:27:21]} Nxc5 {[%clk 0:00:54]} 33. b4
{[%clk 0:27:23]} Ne4 {[%clk 0:01:06]} 34. f3 {[%clk 0:27:30]} Nf6
{[%clk 0:00:40]} 35. Rfd1 {[%clk 0:27:49]} f4 {[%clk 0:00:50]} 36. Rc6
{[%clk 0:24:49]} Re8 {[%clk 0:00:57]} 37. Rxf6 {[%clk 0:24:44]} Rxe5
{[%clk 0:01:24]} 38. Rxf4 {[%clk 0:24:46]} Re2+ {[%clk 0:01:51]} 39. Kh3
{[%clk 0:25:08]} Rxa2 {[%clk 0:01:27]} 40. Rd6 {[%clk 0:25:33]} Rb2
{[%clk 0:00:46]} 41. Rh4 {[%clk 0:25:07]} Rg6 {[%clk 0:00:46]} 42. Rd7+
{[%clk 0:25:17]} Rg7 {[%clk 0:01:10]} 43. Rd8 {[%clk 0:21:22]} Rf7
{[%clk 0:01:21]} 44. Rd6 {[%clk 0:21:00]} Rxf3 {[%clk 0:01:25]} 45. Rdxh6+
{[%clk 0:21:25]} Kg7 {[%clk 0:01:25]} 46. Rh7+ {[%clk 0:20:26]} Kg6
{[%clk 0:01:51]} 47. Kg4 {[%clk 0:20:14]} Kg7 48. Kh3+ Kf6 1-0

[Event "MMM"]
[Site "Galaxy Gesia 22a - Krakow"]
[Date "2022.06.17"]
[Round "4.27"]
[White "Rylski, Tadeusz"]
[Black "Czarnecka, Lidia"]
[Result "0-1"]
[BlackElo "1940"]
[WhiteElo "1715"]
[LiveChessVersion "1.4.8"]

1. e4 {[%clk 1:30:53]} c5 {[%clk 1:30:39]} 2. Nf3 {[%clk 1:31:14]} e6
{[%clk 1:30:53]} 3. d4 {[%clk 1:31:38]} cxd4 {[%clk 1:31:06]} 4. Nxd4
{[%clk 1:32:02]} a6 {[%clk 1:31:23]} 5. c4 {[%clk 1:32:27]} Nf6 {[%clk 1:31:26]}
6. Nc3 {[%clk 1:32:52]} Bb4 {[%clk 1:31:39]} 7. Qd3 {[%clk 1:33:07]} Qc7
{[%clk 1:31:53]} 8. a3 {[%clk 1:32:58]} Be7 {[%clk 1:30:09]} 9. Be2
{[%clk 1:31:40]} O-O {[%clk 1:30:10]} 10. O-O {[%clk 1:31:44]} Nc6
{[%clk 1:29:14]} 11. b4 {[%clk 1:25:09]} Nxd4 {[%clk 1:15:00]} 12. Qxd4
{[%clk 1:25:24]} Bd6 {[%clk 1:14:01]} 13. h3 {[%clk 1:15:31]} Be5
{[%clk 1:12:33]} 14. Qe3 {[%clk 1:15:23]} Nxe4 {[%clk 1:09:21]} 15. Qxe4
{[%clk 1:14:01]} Bxc3 {[%clk 1:08:18]} 16. Rb1 {[%clk 1:09:23]} f5
{[%clk 1:01:56]} 17. Bf4 {[%clk 1:06:06]} fxe4 {[%clk 0:45:32]} 18. Bxc7
{[%clk 1:06:31]} d5 {[%clk 0:40:53]} 19. Rfd1 {[%clk 1:03:44]} d4
{[%clk 0:40:01]} 20. Rb3 {[%clk 1:01:46]} Bd7 {[%clk 0:37:53]} 21. b5
{[%clk 1:01:43]} axb5 {[%clk 0:30:22]} 22. cxb5 {[%clk 1:01:29]} Rfc8
{[%clk 0:30:41]} 23. Be5 {[%clk 1:01:32]} Ra4 {[%clk 0:31:05]} 24. Kh2
{[%clk 0:56:48]} Be8 {[%clk 0:28:07]} 25. Bg4 {[%clk 0:53:05]} Kf7
{[%clk 0:27:13]} 26. Be2 {[%clk 0:48:02]} Rc5 {[%clk 0:25:14]} 27. Bd6
{[%clk 0:45:07]} Rd5 {[%clk 0:25:11]} 28. Bf4 {[%clk 0:44:53]} Kf6
{[%clk 0:24:37]} 29. g4 {[%clk 0:43:20]} Ba5 {[%clk 0:21:28]} 30. f3
{[%clk 0:40:34]} e3 {[%clk 0:19:39]} 31. Bd3 {[%clk 0:38:05]} Bg6
{[%clk 0:19:06]} 32. Be4 {[%clk 0:36:52]} e2 {[%clk 0:16:47]} 0-1

[Event "MMM"]
[Site "Galaxy Gesia 22a - Krakow"]
[Date "2022.06.17"]
[Round "4.28"]
[White "Rainer, Piotr"]
[Black "Zamekhovskiy, Yevgen"]
[Result "0-1"]
[BlackElo "1926"]
[WhiteElo "1671"]
[LiveChessVersion "1.4.8"]

1. e4 {[%clk 1:30:57]} d5 {[%clk 1:30:55]} 2. exd5 {[%clk 1:29:46]} Nf6
{[%clk 1:31:21]} 3. Nf3 {[%clk 1:29:33]} Bg4 {[%clk 1:31:41]} 4. Be2
{[%clk 1:27:39]} Nxd5 {[%clk 1:29:26]} 5. d4 {[%clk 1:26:49]} e6 {[%clk 1:29:41]}
6. O-O {[%clk 1:25:39]} c5 {[%clk 1:29:06]} 7. c4 {[%clk 1:18:02]} Nf6
{[%clk 1:29:18]} 8. Bg5 {[%clk 1:12:47]} cxd4 {[%clk 1:28:28]} 9. Nxd4
{[%clk 1:10:19]} Bxe2 {[%clk 1:28:51]} 10. Nxe2 {[%clk 1:09:37]} Qc7
{[%clk 1:28:34]} 11. Qc2 {[%clk 1:03:18]} Bd6 {[%clk 1:28:41]} 12. h3
{[%clk 0:58:38]} Nbd7 {[%clk 1:25:03]} 13. b3 {[%clk 0:56:45]} h6
{[%clk 1:23:54]} 14. Be3 {[%clk 0:55:04]} O-O {[%clk 1:23:42]} 15. Nbc3
{[%clk 0:55:16]} a6 {[%clk 1:24:00]} 16. Rad1 {[%clk 0:53:18]} Rfd8
{[%clk 1:24:18]} 17. Nd4 {[%clk 0:51:20]} Rac8 {[%clk 1:23:58]} 18. Ne4
{[%clk 0:48:58]} Bf4 {[%clk 1:22:06]} 19. Nxf6+ {[%clk 0:47:18]} Nxf6
{[%clk 1:22:30]} 20. Qe2 {[%clk 0:46:38]} Bxe3 {[%clk 1:19:38]} 21. Qxe3
{[%clk 0:46:45]} Qa5 {[%clk 1:20:03]} 22. Qe2 {[%clk 0:41:55]} Qc5
{[%clk 1:19:34]} 23. Nf3 {[%clk 0:40:24]} b5 {[%clk 1:19:57]} 24. cxb5
{[%clk 0:39:02]} axb5 {[%clk 1:20:03]} 25. Rxd8+ {[%clk 0:37:41]} Rxd8
{[%clk 1:20:32]} 26. Rd1 {[%clk 0:37:37]} Nd5 {[%clk 1:20:34]} 27. Qd2
{[%clk 0:32:37]} Rc8 {[%clk 1:18:52]} 28. Nd4 {[%clk 0:30:03]} Nc3
{[%clk 1:16:52]} 29. Re1 {[%clk 0:20:43]} Ra8 {[%clk 1:15:17]} 30. b4
{[%clk 0:16:23]} Qxb4 {[%clk 1:05:18]} 31. Nxb5 {[%clk 0:15:34]} Nxa2
{[%clk 1:04:38]} 32. Qxb4 {[%clk 0:12:45]} Nxb4 {[%clk 1:05:06]} 33. Re2
{[%clk 0:12:59]} Ra5 {[%clk 1:04:45]} 34. Nd4 {[%clk 0:12:55]} e5
{[%clk 1:03:17]} 35. Nf3 {[%clk 0:12:41]} f6 {[%clk 1:03:42]} 36. Kh2
{[%clk 0:12:46]} Kf7 {[%clk 1:04:05]} 37. g3 {[%clk 0:11:36]} g5 {[%clk 1:02:55]}
38. Kg2 {[%clk 0:11:46]} Kg6 {[%clk 1:03:10]} 39. g4 {[%clk 0:08:37]} Nd5
{[%clk 1:02:42]} 40. Rd2 {[%clk 0:08:08]} Nf4+ {[%clk 1:03:04]} 41. Kh2
{[%clk 0:08:03]} Ra3 {[%clk 1:02:46]} 42. Ng1 {[%clk 0:08:03]} h5
{[%clk 1:02:17]} 43. Rc2 {[%clk 0:07:55]} Kf7 {[%clk 1:01:06]} 44. gxh5
{[%clk 0:07:15]} Nxh5 {[%clk 1:00:06]} 45. Ne2 {[%clk 0:07:28]} Ke6
{[%clk 1:00:07]} 46. Rb2 {[%clk 0:06:44]} Kd5 {[%clk 0:59:15]} 47. Rc2
{[%clk 0:06:00]} Ke4 {[%clk 0:57:56]} 48. Kg2 {[%clk 0:05:09]} f5
{[%clk 0:55:22]} 49. Rb2 {[%clk 0:01:03]} Kd3 {[%clk 0:52:28]} 50. Ng3
{[%clk 0:01:02]} Nxg3 {[%clk 0:50:30]} 51. Kxg3 {[%clk 0:01:20]} e4
{[%clk 0:50:06]} 52. Rb8 {[%clk 0:00:34]} Ke2+ {[%clk 0:49:21]} 53. Kg2
{[%clk 0:00:55]} Rd3 {[%clk 0:49:30]} 54. Rb5 {[%clk 0:00:50]} f4
{[%clk 0:49:28]} 55. Re5 {[%clk 0:00:35]} e3 {[%clk 0:48:44]} 56. Kg1
{[%clk 0:00:32]} Rd1+ {[%clk 0:48:50]} 57. Kg2 {[%clk 0:00:37]} f3+
{[%clk 0:49:15]} 58. Kh2 {[%clk 0:00:34]} Kxf2 {[%clk 0:49:28]} 59. h4
{[%clk 0:00:54]} Rd4 {[%clk 0:49:47]} 0-1

[Event "MMM"]
[Site "Galaxy Gesia 22a - Krakow"]
[Date "2022.06.18"]
[Round "5.1"]
[White "Lewtak, Damian"]
[Black "Kowalski, Igor"]
[Result "1/2-1/2"]
[BlackElo "2356"]
[WhiteElo "2388"]
[LiveChessVersion "1.4.8"]

1. Nf3 {[%clk 1:30:58]} d5 {[%clk 1:30:55]} 2. b3 {[%clk 1:30:35]} Nf6
{[%clk 1:31:13]} 3. Bb2 {[%clk 1:30:58]} Bf5 {[%clk 1:31:37]} 4. e3
{[%clk 1:30:39]} e6 {[%clk 1:32:00]} 5. Be2 {[%clk 1:29:51]} h6 {[%clk 1:32:17]}
6. d4 {[%clk 1:29:07]} Bd6 {[%clk 1:32:18]} 7. Nbd2 {[%clk 1:29:00]} O-O
{[%clk 1:32:13]} 8. O-O {[%clk 1:28:58]} Ne4 {[%clk 1:26:17]} 9. c4
{[%clk 1:26:06]} c6 {[%clk 1:26:36]} 10. Nxe4 {[%clk 1:25:04]} Bxe4
{[%clk 1:24:06]} 1/2-1/2